LEADER 01218nam a2200277 i 4500 001 000000225009 003 CaOOAMICUS 005 20131118000000.0 008 131118s1998 it u000 u ita u 013 $a203907 020 $a88-7910-817-4 040 $aSeMil$bita 100 1 $aHabermas, Jürgen,$d<1929- >.$0(OLS)http://semarc/name/3650 245 13$aLa nuova oscurità :$bcrisi dello Stato sociale ed esaurimento delle utopie /$cJürgen Habermas ; a cura di Alfio Mastropaolo. 260 $aRoma :$bEdizioni Lavoro,$c1998. 300 $a55 p. ;$c18 cm. 490 0 $aI grandi piccoli ;$v23 650 4$aStato sociale.$0(OLS)http://semarc/subject/23803 700 1 $aMastropaolo. Alfio.$0(OLS)http://semarc/name/78257 830 2$aI grandi piccoli ;$v23.$0(OLS)http://semarc/title/9710 850 $aSeMil 852 $aSeMil$W1$xVenegono$y1$m3N I 688$j175355$B175355$CSeMilBibl$Z2$F186242 $81 961 $aOmaggio: Bressan don Luca 996 $6020$a88-7910-817-4$9(OLS)http://semarc/number/225753 996 $6245$aLa nuova oscurità :$bcrisi dello Stato sociale ed esaurimento delle utopie$9(OLS)http://semarc/title/322371 996 $6260$aRoma :$bEdizioni Lavoro$9(OLS)http://semarc/publisher/31304 LEADER 01313nam a2200289 i 4500 001 000000047966 003 CaOOAMICUS 005 20241205130052.0 008 100614s1995 it u000 u ita u 013 $a19136 020 $a88-86242-04-2 040 $aSeMil$bita 245 10$aDidachè, Clemente Romano, Pseudo-Clemente /$cPrefazione di Carlo Maria Martini ; introduzione, traduzione e commento a cura di Giorgio De Capitani. 260 $aPessano con Bornago (MI) :$bMimep-Docete,$c1995. 300 $a159 p. :$bill. ;$c21 cm. 490 0 $aI Padri apostolici ;$v1. 650 4$aPadri Apostolici.$0(OLS)http://semarc/subject/1669 700 1 $aDe Capitani, Giorgio <1938->.$0(OLS)http://semarc/name/5105 700 1 $aMartini, Carlo Maria,$c.$0(OLS)http://semarc/name/89159 830 2$aI Padri apostolici ;$v1.$0(OLS)http://semarc/title/191 850 $aSeMil 852 $aSeMil$W1$xVenegono$y1$m2U I 171$j14121$B14121$CSeMilBibl$Z2$F14121 $81 961 $aOmaggio: Casa editrice 996 $6020$a88-86242-04-2$9(OLS)http://semarc/number/20875 996 $6245$aDidachè, Clemente Romano, Pseudo-Clemente$9(OLS)http://semarc/title/72442 996 $6260$aPessano con Bornago (MI) :$bMimep-Docete$9(OLS)http://semarc/publisher/30068